| 000 | 00636nam a2200229 a 4500 | ||
|---|---|---|---|
| 999 |
_c6493 _d6493 |
||
| 001 | 6493 | ||
| 003 | BD-JhCC | ||
| 005 | 20180217190646.0 | ||
| 008 | 180124s1967 u a|||| || | 000 0 eng d | ||
| 035 | _a(BD-JhCC)6493 | ||
| 040 |
_aBD-JhCC _dBD-JhCC |
||
| 041 | _aeng | ||
| 082 |
_a428.6 _bGRE 1967 |
||
| 100 | _aGreenberg, Florence Bonzer | ||
| 245 |
_aTradition and Dissent / _cFlorence Bonzer Greenberg and Anne P. Heffley |
||
| 260 |
_aUSA : _bThe Bobbs-Merrill Company, Inc. _c1967 |
||
| 300 |
_a425 p. : _c21 cm. |
||
| 650 |
_aEnglish Language _xRhetoric |
||
| 700 | _aHeffley, Anne P. | ||
| 942 |
_2ddc _cBK |
||